000 00473cam a2200169 4500
001 ##L132481
008 060213n1948 000 0 eng u
035 _a(Sirsi) u132481
041 0 _aeng
050 0 4 _a333.332025 $2 22
110 2 _aIncorporated Society of Auctioneers and Landed Property Agents
_94878
245 0 0 _aList of members
_b1948
260 _a[S.l.]
_b[s.n.]
_c1948
300 _a198p.
_c21cm.
690 _aABOUT RICS-RELATED ORGANISATIONS
942 _n0
999 _c105148
_d105148